[Event "Internet Section 06B g/8'+2\""]
[Site "Dos Hermanas"]
[Date "2004.03.07"]
[Round "9"]
[White "Hains, Jonathan"]
[Black "Coulombe, Philippe"]
[Result "1-0"]
[WhiteElo "1620"]
[BlackElo "1889"]
[PlyCount "85"]
[EventDate "2004.03.06"]
[EventType "swiss (blitz)"]
[EventRounds "9"]
[EventCountry "ESP"]
[SourceTitle "CBM 099 Extra"]
[Source "ChessBase"]
[SourceDate "2004.05.04"]
[SourceVersion "1"]
[SourceVersionDate "2004.05.04"]
[SourceQuality "1"]

1. e4 e6 2. d4 d5 3. e5 c5 4. Nf3 Nc6 5. Bd3 cxd4 6. 0-0 Qc7 7. Re1 Bc5 8. Nbd2 Nge7 9. Nb3 Bb6 10. Bf4 Ng6 11. Bg3 h5 12. h4 Nb4 13. Bxg6 fxg6 14. Nbxd4 0-0 15. c3 Nc6 16. Nb5 Qd8 17. Qd3 Rf5 18. Nd6 Bc7 19. Nxf5 gxf5 20. Ng5 Qf8 21. Bf4 Bd7 22. Qf3 g6 23. Qd1 Qg7 24. Qe2 Na5 25. b3 Nc6 26. Rac1 Ba5 27. Qb5 d4 28. cxd4 Bxe1 29. Rxe1 Nxd4 30. Qxb7 Bc6 31. Qxg7+ Kxg7 32. Rd1 Ne2+ 33. Kf1 Nxf4 34. g3 Bb5+ 35. Kg1 Ne2+ 36. Kh2 Re8 37. a4 Bc6 38. Rd6 Bd5 39. Rd7+ Kg8 40. Rxa7 Bxb3 41. Nh7 Kh8 42. Nf6 Rc8 43. Rh7# 1-0